000 00950cam a2200313 a 4500
999 _c522739
_d522739
001 649593
003 NUST
005 20190104093723.0
008 940303s1993 ii a 000 0 eng
010 _a 93910428
020 _a8172230885 :
_cRs145.00
025 _aI-E-73048
038 _awaseem
040 _aDLC
_cDLC
_dDLC
042 _alcode
043 _aa-ii---
_aa-pk---
050 0 0 _aDS414.2
_b.B33 1993
082 _a954
_bBAC
100 1 _aBach, Brian Paul,
_d1954-
_912974
245 1 4 _aThe Grand Trunk Road :
_bfrom the front seat /
_cBrian Paul Bach.
260 _aNew Delhi :
_bIndus,
_c1993.
300 _axii, 440 p. :
_bill. ;
_c20 cm.
651 0 _aIndia
_xDescription and travel.
_93320
651 0 _aPakistan
_xDescription and travel.
_93431
651 0 _aGrand Trunk Road (India and Pakistan)
_912975
906 _a7
_bcbc
_corigode
_d3
_encip
_f19
_gy-gencatlg
942 _2ddc
_cBK